000 00240nam a2200109Ia 4500
100 _a#N/A
942 _cBK
654 _apro
245 _aPro/ Engineering Wildfire for Engineers & Designers Release 2.0
260 _b#N/A
546 _aENGLISH
999 _c23565
_d23565